Principles and practice of flow meter engineering /

Guardado en:
Autor Principal: Spink, Leland Kenneth, 1899-1957.
Autor Corporativo: Foxboro Company, Foxborough, Mass.
Formato: Libro
Idioma:English
Publicado: Foxboro, Mass. : Foxboro Company, c1967.
Edición:9th ed., rev. and enl.
Materias:
Etiquetas: Agregar Etiqueta
Sin Etiquetas, Sea el primero en etiquetar este registro!
LEADER 00792nam a22002295a 4500
001 EIQ.libpla002823
008 681217s1967####mauao####b####001#0#eng#d
005 20070829173344.0
245 1 0 |a Principles and practice of flow meter engineering /  |c [by] L. K. Spink. 
250 |a 9th ed., rev. and enl. 
260 |a Foxboro, Mass. :  |b Foxboro Company,  |c c1967. 
300 |a xiii, 575 p. :  |b il., fotos ;  |c 24 cm. 
504 |a Bibliografía: p. 558-564. 
500 |a Incluye índice. 
100 1 |a Spink, Leland Kenneth,  |d 1899-1957. 
710 2 |a Foxboro Company, Foxborough, Mass. 
082 0 0 |a 620 
650 4 |a Procesos  |x Medición de caudal. 
650 4 |a Processes  |x Measurement of volume. 
010 |a  68007690  
040 |a DLC  |c DLC  |d AR-BbSID 
859 |a AR-BbSID  |b BIB. PLAPIQUI  |h 532  |i Sp 41  |p 1369